02145nam a2200505 i 450000500170000000700030001700800410002002000180006104000350007904100080011404300120012208200190013410000400015324502680019326400500046130000700051133600270058133700330060833800280064150400410066950500950071052100420080565000390084765000410088665000360092765100250096370000250098870000240101370000300103770000290106770000380109670000390113470000380117370000340121170000400124570000350128570000370132070000370135770000430139470000380143770000350147570000390151070000370154974000530158620220317001434.0ta210825s2014 ck abo er 000 0 spa d a9789585863606 aCO-BoRNBPbspacCO-BoRNBPerda0 aspa as-ck---04a960 bU73h2231 aUribe Forero, Dianad1959- eautora10aÁfricabnuestra tercera raízcdirección general y narración Diana Uribe ; textos Nelson Rojas ... [y otros tres] ; trabajo de campo Luz Amparo Fonseca ... [y otros siete] ; investigación primaria Luz de María Muñoz, Laura Gutiérrez, Adelaida Pardo 1aBogotábAguilarbPenguin Random Housec2014 a283 páginasbilustraciones y fotografías a colorc18 cme8 CD atextobtxt2rdacontent asin mediaciónbn2rdamedia avolumenbnc2rdacarrier aIncluye referencias bibliográficas aPresentación -- África la madre -- La diáspora africana -- Afrocolombia -- Epílogo aRecomendado para un público adulto 17aEsclavitudxHistoriazAfrica2LEMB17aEsclavitudxHistoriazColombia2LEMB17aAfrocolombianosxHistoria2LEMB 4aÁfricaxInfluencia1 aRojas, Nelsoneautor1 aSilva, Lucaseautor1 aTongrongou, Dounaeautora1 aEscalona, Simóneautor1 aFonseca, Luz Amparoecoordinadora1 aRodríguez, Vladimirecoordinador1 aMax Konate, Idrissaecoordinadora1 aRobinson, Samuelecoordinador1 aRodríguez, Gabrielaecoordinadora1 aAndrade, Antonioecoordinadora1 aHernández, Carlosecoordinador1 aVelásquez, Reisonecoordinador1 aMuñoz, Luz de Maríaeinvestigadora1 aGutiérrez, Lauraeinvestigadora1 aPardo, Adelaidaeinvestigadora1 aRodríguez, Vladimirefotógrafo1 aHernández, Carlosefotógrafo aÁfrica: la madre \\ Diáspora \\ Afrocolombia